书目信息 |
| 题名: |
高性能纤维产业技术发展研究
|
|
| 作者: | 周宏 编著 | |
| 分册: | ||
| 出版信息: | 北京 国防工业出版社 2018.07 |
|
| 页数: | XIII, 241页, 8页图版 | |
| 开本: | 24cm | |
| 丛书名: | 高性能纤维技术丛书 | |
| 单 册: | ||
| 中图分类: | TB334 | |
| 科图分类: | ||
| 主题词: | 纤维增强复合材料--xian wei zeng qiang fu he cai liao--技术发展--研究 | |
| 电子资源: | ||
| ISBN: | 978-7-118-11605-2 | |
| 000 | 01257nam 2200301 450 | |
| 001 | 0100010330 | |
| 005 | 20190905093951.0 | |
| 010 | @a978-7-118-11605-2@dCNY78.00 | |
| 100 | @a20190901d2018 em y0chiy50 ea | |
| 101 | 0 | @achi |
| 102 | @aCN@b110000 | |
| 105 | @aafk a 000yy | |
| 106 | @ar | |
| 200 | 1 | @a高性能纤维产业技术发展研究@Agao xing neng xian wei chan ye ji shu fa zhan yan jiu@f周宏编著 |
| 210 | @a北京@c国防工业出版社@d2018.07 | |
| 215 | @aXIII, 241页, 8页图版@c图@d24cm | |
| 225 | 2 | @a高性能纤维技术丛书@Agao xing neng xian wei ji shu cong shu |
| 300 | @a国家出版基金项目 “十二五”国家重点出版规划项目 | |
| 312 | @a英文题名取自封面 | |
| 320 | @a有书目 | |
| 330 | @a本书以碳纤维和对位芳纶为例, 综述了高性能纤维的主要应用领域和近期技术进展, 阐述了高性能纤维的技术特点和产业规律, 研究梳理了碳纤维和对位芳纶技术的发现、发明史, 并对碳纤维和对位芳纶产业技术的成功因素进行了案例研究。 | |
| 410 | 0 | @12001 @a高性能纤维技术丛书 |
| 510 | 1 | @aResearch of technological development for high-performance fiber industry@zeng |
| 606 | 0 | @a纤维增强复合材料@Axian wei zeng qiang fu he cai liao@x技术发展@x研究 |
| 690 | @aTB334@v5 | |
| 701 | 0 | @a周宏@Azhou hong@4编著 |
| 801 | 0 | @aCN@c20190905 |
| 905 | @a河南城建学院图书馆@dTB334@eZ762 | |
| 高性能纤维产业技术发展研究/周宏编著.-北京:国防工业出版社,2018.07 |
| XIII, 241页, 8页图版:图;24cm.-(高性能纤维技术丛书) |
| 国家出版基金项目 “十二五”国家重点出版规划项目 |
| ISBN 978-7-118-11605-2:CNY78.00 |
| 本书以碳纤维和对位芳纶为例, 综述了高性能纤维的主要应用领域和近期技术进展, 阐述了高性能纤维的技术特点和产业规律, 研究梳理了碳纤维和对位芳纶技术的发现、发明史, 并对碳纤维和对位芳纶产业技术的成功因素进行了案例研究。 |
| ● |
| 相关链接 |
|
|
|
正题名:高性能纤维产业技术发展研究
索取号:TB334/Z762
 
预约/预借
| 序号 | 登录号 | 条形码 | 馆藏地/架位号 | 状态 | 备注 |
| 1 | 1437968 | 214379689 | 自科二线504/504自科库 14排3列1层/ [索取号:TB334/Z762] | 在馆 | |
| 2 | 1437969 | 214379698 | 自科库501/501自科库 13排4列1层/ [索取号:TB334/Z762] | 在馆 |